[Event "POL-chT 2nd League"]
[Site "Miedzyzdroje"]
[Date "2009.09.12"]
[Round "1"]
[White "Bugajski, Robert"]
[Black "Slaby, Jerzy"]
[Result "0-1"]
[WhiteElo "2198"]
[BlackElo "2463"]
[PlyCount "122"]
[EventDate "2009.09.12"]
[EventType "team-swiss"]
[EventRounds "9"]
[EventCountry "POL"]
[SourceTitle "EXT 2019"]
[Source "ChessBase"]
[SourceDate "2018.10.10"]
[SourceVersion "1"]
[SourceVersionDate "2018.10.10"]
[SourceQuality "1"]
[WhiteTeam "Izabelin SSz Parazauroloff"]
[BlackTeam "Pultusk Nadnarwianka"]
[WhiteTeamCountry "POL"]
[BlackTeamCountry "POL"]

1. c4 Nf6 2. Nc3 c6 3. Nf3 d6 4. d4 Nbd7 5. g3 e5 6. Bg2 Be7 7. e4 a6 8. a4 a5 9. 0-0 0-0 10. b3 Re8 11. h3 Bf8 12. Bg5 h6 13. Be3 exd4 14. Nxd4 Nc5 15. Qc2 Qe7 16. Nf5 Qc7 17. Rfd1 Na6 18. Bf4 Nb4 19. Qd2 Bxf5 20. exf5 Na6 21. Qd4 Nh5 22. Be3 d5 23. Qb6 Qxb6 24. Bxb6 dxc4 25. bxc4 Bc5 26. Rab1 Bxb6 27. Rxb6 Nc5 28. Rbb1 Nf6 29. Bf3 Rad8 30. Kg2 Kf8 31. g4 Rxd1 32. Nxd1 Re1 33. Rb2 Nfd7 34. Ne3 Ra1 35. Bd1 Ne5 36. Bc2 Ra3 37. Bd1 Ned3 38. Rb1 Ra2 39. Bc2 Nb4 40. Bb3 Ra3 41. Bd1 Ke7 42. h4 f6 43. Rb2 Ra2 44. Rxa2 Nxa2 45. f4 Nc3 46. Bc2 N3xa4 47. g5 Nb2 48. Kg3 a4 49. Kg4 a3 50. Bb1 Ncd3 51. c5 Nxc5 52. Kh5 Nbd3 53. Kg6 Kf8 54. Ng2 b5 55. gxh6 gxh6 56. Kxh6 b4 57. h5 b3 58. Kg6 a2 59. h6 axb1Q 60. h7 Qh1 61. Nh4 Nxf4+ 0-1

[Event "FRA-chT1B 0809"]
[Site "France"]
[Date "2009.04.05"]
[Round "11.2"]
[White "Slaby, Jerzy"]
[Black "Renet, Olivier"]
[Result "0-1"]
[WhiteElo "2467"]
[BlackElo "2507"]
[PlyCount "84"]
[EventDate "2008.10.19"]
[EventType "team-tourn"]
[EventRounds "11"]
[EventCountry "FRA"]
[SourceTitle "EXT 2010"]
[Source "ChessBase"]
[SourceDate "2010.11.25"]
[SourceVersion "1"]
[SourceVersionDate "2010.11.25"]
[SourceQuality "1"]
[WhiteTeam "Echiquier Berry Sologne"]
[BlackTeam "Rueil Malmaison"]
[WhiteTeamCountry "FRA"]
[BlackTeamCountry "FRA"]

1. e4 c5 2. Ne2 Nc6 3. d4 cxd4 4. Nxd4 Nf6 5. Nc3 d6 6. Bg5 e6 7. Qd2 a6 8. f3 Be7 9. h4 Bd7 10. 0-0-0 Nxd4 11. Qxd4 Qa5 12. Kb1 b5 13. e5 dxe5 14. Qxe5 Bc6 15. Bd3 0-0 16. Ne4 Bxe4 17. fxe4 Rad8 18. Qg3 Kh8 19. e5 Nd5 20. Be4 Qc7 21. Rhe1 Nb6 22. Qf3 Rxd1+ 23. Rxd1 Nc4 24. Bf4 Qc5 25. Qc3 f6 26. h5 h6 27. Bd3 fxe5 28. Bxc4 exf4 29. Bxe6 Qxh5 30. Re1 Qh4 31. a3 b4 32. axb4 f3 33. g3 Qxb4 34. Qxb4 Bxb4 35. c3 f2 36. Rf1 Bc5 37. b4 Bb6 38. c4 Re8 39. Bh3 Re4 40. Rc1 Bc7 41. Bf1 Bd6 42. Bd3 Re3 0-1

[Event "FRA-chT1B 0809"]
[Site "France"]
[Date "2008.10.19"]
[Round "1.2"]
[White "Slaby, Jerzy"]
[Black "Le Roux, Jean Pierre"]
[Result "1-0"]
[WhiteElo "2467"]
[BlackElo "2496"]
[PlyCount "79"]
[EventDate "2008.10.19"]
[EventType "team-tourn"]
[EventRounds "11"]
[EventCountry "FRA"]
[SourceTitle "EXT 2010"]
[Source "ChessBase"]
[SourceDate "2010.11.25"]
[SourceVersion "1"]
[SourceVersionDate "2010.11.25"]
[SourceQuality "1"]
[WhiteTeam "Echiquier Berry Sologne"]
[BlackTeam "Guingamp"]
[WhiteTeamCountry "FRA"]
[BlackTeamCountry "FRA"]

1. e4 c6 2. d4 d5 3. f3 e5 4. exd5 Qh4+ 5. g3 Qxd4 6. Qxd4 exd4 7. Ne2 Nf6 8. Nxd4 Nxd5 9. Bc4 Nb6 10. Bd3 c5 11. Nb5 Na6 12. N1c3 c4 13. Be2 Bf5 14. Be3 Bxc2 15. Bxb6 axb6 16. Bxc4 Bc5 17. Kd2 Bf5 18. Rhe1+ Kf8 19. Re5 g6 20. a3 Kg7 21. Rae1 Rac8 22. Bd5 Rhd8 23. Kc1 Rd7 24. b4 Bf2 25. R1e2 Bg1 26. Kb2 Nc7 27. Bxb7 Rcd8 28. Be4 Nxb5 29. Nxb5 Be6 30. Bc2 Rd2 31. Kc3 Rxe2 32. Rxe2 Rc8+ 33. Kb2 Bd7 34. Nd6 Bd4+ 35. Kb1 Rc3 36. Rd2 Be3 37. Rd1 Be6 38. Kb2 Rc6 39. Be4 Bc1+ 40. Kb1 1-0